000 00186nam a22000977a 4500
999 _c65133
_d65130
082 _a297.01You
100 _ayousuf Ali
245 _aThe Message of Islam
300 _a127p
942 _cBK